Một số vấn đề về du lịch Việt Nam

Zapisane w:
Opis bibliograficzny
1. autor: Đinh, Trung Kiên
Format: Książka
Język:Undetermined
Wydane: Hà Nội Đại học quốc gia Hà Nội 2004
Hasła przedmiotowe:
Etykiety: Dodaj etykietę
Nie ma etykietki, Dołącz pierwszą etykiete!
Thư viện lưu trữ: Trung tâm Học liệu Trường Đại học Cần Thơ
LEADER 00592nam a2200205Ia 4500
001 CTU_74680
008 210402s9999 xx 000 0 und d
020 |b 20400 
082 |a 915.97 
082 |b K305 
100 |a Đinh, Trung Kiên 
245 0 |a Một số vấn đề về du lịch Việt Nam 
245 0 |c Đinh Trung Kiên 
260 |a Hà Nội 
260 |b Đại học quốc gia Hà Nội 
260 |c 2004 
650 |a Vietnam 
650 |x Description and travel 
904 |i Tuyến 
980 |a Trung tâm Học liệu Trường Đại học Cần Thơ